20 größten Städte Deutschlands - Statistiken

Allgemein
  • Dieses Quiz wurde 3.004 mal gespielt
  • Das Durchschnittsergebnis liegt bei 16 aus 20
Antwortstatistiken
Hint Antwort % Korrekt
3.520.031 Berlin
100%
1.787.408 Hamburg
100%
1.450.381 München
99%
1.060.582 Köln
98%
732.688 Frankfurt
96%
623.738 Stuttgart
95%
612.178 Düsseldorf
93%
586.181 Dortmund
92%
557.464 Bremen
90%
543.825 Dresden
90%
560.472 Leipzig
88%
532.163 Hannover
86%
509.975 Nürnberg
82%
582.624 Essen
81%
491.231 Duisburg
63%
318.809 Bonn
62%
364.742 Bochum
59%
333.090 Bielefeld
47%
310.039 Münster
46%
350.046 Wuppertal
44%
Keine übereinstimmenden Quizze gefunden
Verteilung der Resultate
Anzahl Personen mit jedem Resultat
Perzentil nach korrekt beantworteten Fragen
Ihre Resultats-Entwicklung
Sie haben dieses Quiz noch nicht gespielt